000
00294nam a22001337a 4500
008
170530b xxu||||| |||| 00| 0 eng d
020
_a
0256014140
041
_a
eng
080
_a
94(7/8)
100
_a
17
101
_a
SHH
245
_a
RECENT AMERICAN HISTORY
_c
BEDTS, R.F
942
_2
udc
_c
BK
999
_c
15045
_d
15045